[Event "BCF-chT3E 2223 (4NCL)"]
[Site "England"]
[Date "2023.04.30"]
[Round "10.26"]
[White "Tart, Peter K"]
[Black "Honarvar, Hooman"]
[Result "0-1"]
[WhiteElo "1856"]
[BlackElo "1865"]
[PlyCount "84"]
[EventDate "2022.11.05"]
[EventType "team-tourn"]
[EventRounds "11"]
[EventCountry "ENG"]
[SourceTitle "EXT 2024"]
[Source "ChessBase"]
[SourceDate "2023.10.10"]
[SourceVersion "1"]
[SourceVersionDate "2023.10.10"]
[SourceQuality "1"]
[WhiteTeam "Crowthorne"]
[BlackTeam "Sussex Martlets II"]
[WhiteTeamCountry "ENG"]
[BlackTeamCountry "ENG"]

1. e4 c6 2. d4 d5 3. Bd3 dxe4 4. Bxe4 Nf6 5. Bf3 Bf5 6. g4 Be4 7. g5 Bxf3 8. Nxf3 Ne4 9. Qe2 Qd5 10. Nbd2 Nxg5 11. c4 Nxf3+ 12. Nxf3 Qh5 13. Rg1 e6 14. Bd2 h6 15. 0-0-0 Nd7 16. Bc3 0-0-0 17. Qe3 Nb6 18. Nd2 Be7 19. b3 Bf6 20. Ne4 Rhg8 21. Ng3 Qg5 22. f4 Qh4 23. Be1 Qh3 24. Bf2 Rd7 25. Qe4 Rgd8 26. Rd3 Qh4 27. Qf3 Qh3 28. Qe4 Qg4 29. h3 Qxh3 30. Qf3 e5 31. f5 h5 32. c5 Na8 33. Qxh5 Qxh5 34. Nxh5 Be7 35. Rxg7 exd4 36. b4 b6 37. Kc2 Bf8 38. Rh7 bxc5 39. bxc5 Bxc5 40. Bh4 Rg8 41. Nf6 Rg2+ 42. Kb3 Rb7+ 0-1

[Event "BCF-chT3E 2223 (4NCL)"]
[Site "England"]
[Date "2023.04.29"]
[Round "9.16"]
[White "Honarvar, Hooman"]
[Black "Collinson, Mark I"]
[Result "0-1"]
[WhiteElo "1865"]
[BlackElo "2049"]
[PlyCount "78"]
[EventDate "2022.11.05"]
[EventType "team-tourn"]
[EventRounds "11"]
[EventCountry "ENG"]
[SourceTitle "EXT 2024"]
[Source "ChessBase"]
[SourceDate "2023.10.10"]
[SourceVersion "1"]
[SourceVersionDate "2023.10.10"]
[SourceQuality "1"]
[WhiteTeam "Sussex Martlets II"]
[BlackTeam "Hull & East Riding Tigers"]
[WhiteTeamCountry "ENG"]
[BlackTeamCountry "ENG"]

1. e4 c5 2. Nf3 d6 3. Bb5+ Bd7 4. Bxd7+ Nxd7 5. 0-0 g6 6. c3 Bg7 7. d4 Qc7 8. Re1 e5 9. d5 Ne7 10. a4 0-0 11. Bg5 f6 12. Be3 h6 13. Qd2 Kh7 14. Na3 a6 15. Qd3 f5 16. Rad1 f4 17. Bd2 g5 18. b4 Ng6 19. Kh1 g4 20. Ng1 f3 21. gxf3 gxf3 22. Nxf3 Nf4 23. Bxf4 Rxf4 24. Nb1 Raf8 25. Nbd2 Nf6 26. Rg1 cxb4 27. cxb4 Rf7 28. a5 Qd7 29. Rg2 Kh8 30. Ng1 Nh5 31. Nh3 Rh4 32. Ng1 Nf4 33. Qg3 Nxg2 34. Qxg2 Qa4 35. Rc1 Rhf4 36. Nh3 R4f6 37. Rc8+ Kh7 38. Nf1 Qd1 39. Kg1 Rg6 0-1